[Event "CREC - Ans"]
[Site "?"]
[Date "2011.02.06"]
[Round "8.7"]
[White "Remy, Joël"]
[Black "Erwich, Frank"]
[Result "0-1"]
[WhiteElo "2099"]
[BlackElo "2319"]
[PlyCount "66"]
[EventDate "2011.??.??"]

1. b3 b6 2. Bb2 Bb7 3. e3 e6 4. c4 c5 5. Nf3 Nf6 6. Be2 Be7 7. O-O O-O 8. Ne5
d6 9. Bf3 Qc7 10. Bxb7 Qxb7 11. Ng4 Nbd7 12. f4 d5 13. Ne5 Rad8 14. Qf3 a6 15.
d4 Ne4 16. Qe2 b5 17. Nc3 dxc4 18. bxc4 Nxe5 19. fxe5 bxc4 20. Rf4 Nxc3 21.
Bxc3 cxd4 22. exd4 Qd5 23. Re1 Rb8 24. Qh5 f5 25. Rf3 g6 26. Rg3 Rf7 27. h4 f4
28. Rg4 Rf5 29. Qh6 Bf8 30. Rxg6+ hxg6 31. Qxg6+ Kh8 32. h5 Rb7 33. h6 Rh7 0-1

[Event "Ans - CREC"]
[Site "?"]
[Date "2011.02.06"]
[Round "8.8"]
[White "Lafosse, Jimmy"]
[Black "Hias, Ludovic"]
[Result "1-0"]
[WhiteElo "2088"]
[BlackElo "2003"]
[PlyCount "69"]
[EventDate "2011.02.06"]
[SourceDate "2011.02.06"]

1. c4 g6 2. g3 Bg7 3. Bg2 Nf6 4. Nc3 O-O 5. e4 d6 6. d4 Nbd7 7. Nge2 e5 8. O-O
exd4 9. Nxd4 Ne5 10. b3 Bd7 11. h3 Nc6 12. Be3 a6 13. Rc1 Rc8 14. f4 Nxd4 15.
Bxd4 Ne8 16. Nd5 Be6 17. g4 Bxd5 18. cxd5 Bxd4+ 19. Qxd4 Ng7 20. Rc4 Qe7 21.
Rfc1 f5 22. gxf5 gxf5 23. e5 Ne8 24. R4c3 Rf7 25. Re3 Qh4 26. Rcc3 Rg7 27. Rc4
Rd8 28. Qd3 Qh5 29. Kh2 Rdd7 30. Rb4 b6 31. Qxa6 Rxg2+ 32. Kxg2 Qd1 33. Rg3+
Kf8 34. Qd3 Qe1 35. e6 1-0

[Event "Amay - Namur "]
[Site "?"]
[Date "2011.02.06"]
[Round "8.1"]
[White "Bojkov, Dejan"]
[Black "Clery, Nicolas"]
[Result "1/2-1/2"]
[WhiteElo "2544"]
[BlackElo "2392"]
[PlyCount "115"]
[EventDate "2011.??.??"]
[SourceDate "2011.02.06"]

1. e4 e5 2. Bc4 Nc6 3. Nf3 Bc5 4. c3 Nf6 5. d3 O-O 6. O-O d6 7. Bb3 a6 8. h3 h6
9. Re1 Ba7 10. Nbd2 Re8 11. Nc4 Be6 12. a4 Ne7 13. a5 Ng6 14. Be3 Bxe3 15. Rxe3
Qe7 16. d4 Rad8 17. d5 Bc8 18. Ba4 Rf8 19. b4 Nf4 20. b5 Nd7 21. bxa6 bxa6 22.
Bxd7 Bxd7 23. Ncd2 Rb8 24. Rb1 f5 25. c4 Qf7 26. Rxb8 Rxb8 27. Kh2 Qh5 28. Qf1
g5 29. Ng1 g4 30. Rg3 Kh8 31. Qd1 Nxg2 32. exf5 Bxf5 33. Qc1 Nf4 34. c5 Nd3 35.
Rxd3 Bxd3 36. cxd6 cxd6 37. Qc7 Rf8 38. Qxd6 Rxf2+ 39. Kg3 Rf7 40. hxg4 Qg5 41.
Ngf3 Qf4+ 42. Kh3 e4 43. Ne5 Qe3+ 44. Kh4 Qg5+ 45. Kg3 Rg7 46. Qf8+ Kh7 47. Qf4
Re7 48. Nc6 e3 49. Qxg5 hxg5 50. Nf3 Rd7 51. Nb4 Bb5 52. Nxg5+ Kh6 53. Nf3 e2
54. Kf2 Rc7 55. Nc6 Rd7 56. Ncd4 Rxd5 57. Nf5+ Kh7 58. Ng5+ 1/2-1/2

[Event "Namur - Amay  "]
[Site "?"]
[Date "2011.02.06"]
[Round "8.2"]
[White "Hetey, Laszlo"]
[Black "Belkhodja, Slim"]
[Result "1/2-1/2"]
[WhiteElo "2339"]
[BlackElo "2444"]
[PlyCount "177"]
[EventDate "2011.??.??"]

1. d4 d6 2. e4 Nf6 3. f3 d5 4. exd5 Nxd5 5. c4 Nb6 6. Nc3 e5 7. dxe5 Qxd1+ 8.
Nxd1 Nc6 9. f4 Be6 10. Ne3 Bc5 11. Nf3 Bxe3 12. Bxe3 Nxc4 13. Bxc4 Bxc4 14. Nd4
Nb4 15. b3 Ba6 16. Kf2 O-O 17. a3 Nd3+ 18. Kg3 Rae8 19. b4 Bc4 20. Nf3 f6 21.
Rac1 Nxc1 22. Rxc1 Bd5 23. Rxc7 Rf7 24. Rc3 Bxf3 25. gxf3 b6 26. Kf2 fxe5 27.
fxe5 Rxe5 28. Rc8+ Rf8 29. Rc7 Rfe8 30. Bd4 Re2+ 31. Kg3 R2e7 32. Rc4 Kf7 33.
a4 Ke6 34. Bf2 Kd5 35. Rh4 g6 36. b5 Kd6 37. Rc4 Rc7 38. Rd4+ Ke6 39. Be3 Rec8
40. Re4+ Kf7 41. Rd4 Ke8 42. a5 Re7 43. Bf2 Rc5 44. axb6 axb6 45. Rd6 Rg5+ 46.
Kf4 Rxb5 47. Bxb6 Rf7+ 48. Ke4 Ke7 49. Rc6 Rb4+ 50. Bd4 g5 51. Ke3 Kd7 52. Rc5
h6 53. Rc3 Re7+ 54. Kd3 Re6 55. Bf2 Rf4 56. Kd2 g4 57. Bg3 Rxf3 58. Rc7+ Ke8
59. Rg7 Re4 60. Rg6 Ra4 61. Rxh6 Ra2+ 62. Ke1 Rb3 63. Kf1 Rb1+ 64. Be1 Kf7 65.
Rh5 Kf6 66. Rh8 Ke6 67. Rh6+ Kf5 68. Rh8 Rb6 69. Bf2 Rf6 70. Kg1 Kg6 71. Bh4
Rc6 72. Re8 Rc7 73. Be1 Kf6 74. Re4 Kf5 75. Re8 Rc4 76. Rf8+ Ke4 77. Bf2 Rc3
78. Re8+ Kd5 79. Rd8+ Ke6 80. Re8+ Kf7 81. Re4 Rcc2 82. Rf4+ Kg6 83. Kg2 Kg5
84. Rf8 Ra5 85. Kg1 Re2 86. Rg8+ Kf4 87. Bg3+ Kf3 88. Rf8+ Ke4 89. Rf7 1/2-1/2

[Event "Namur - Amay  "]
[Site "?"]
[Date "2011.02.06"]
[Round "8.4"]
[White "Laurent, Julien"]
[Black "Buscher, Michael"]
[Result "1/2-1/2"]
[WhiteElo "2260"]
[BlackElo "2373"]
[PlyCount "143"]
[EventDate "2011.??.??"]

1. Nf3 d6 2. d4 f5 3. g3 g6 4. Bg2 Nf6 5. O-O Bg7 6. b4 c6 7. c4 O-O 8. Bb2 Na6
9. Qb3 Kh8 10. Nc3 Be6 11. d5 cxd5 12. Nxd5 Bxd5 13. cxd5 Qb6 14. a3 Nc5 15.
Qa2 Nce4 16. Nd4 Rfc8 17. Bxe4 Nxe4 18. Ne6 Nc3 19. Bxc3 Bxc3 20. Rac1 Bf6 21.
Qd2 Rab8 22. Rxc8+ Rxc8 23. Rc1 Rg8 24. Qh6 Bg7 25. Qg5 Bf6 26. Qd2 Qa6 27. Qh6
Qxe2 28. Nf8 Qh5 29. Qxh5 gxh5 30. Ne6 a6 31. Rc7 Rb8 32. a4 Kg8 33. Kg2 Kf7
34. Kf3 Be5 35. h4 h6 36. Ke2 Ke8 37. Kd3 Bf6 38. Kc4 b5+ 39. Kb3 Kf7 40. a5 f4
41. Nxf4 Bd4 42. Nd3 Ra8 43. Rc2 e5 44. dxe6+ Kxe6 45. Nf4+ Kf5 46. Nd5 Ke4 47.
Nc7 Ra7 48. Ne6 Bf6 49. Rc7 Ra8 50. Nf4 Bd4 51. Nxh5 Bxf2 52. Rf7 Bd4 53. Rf4+
Kd5 54. Rf5+ Ke6 55. Rf3 Rg8 56. Nf4+ Ke5 57. Ne2 Rg4 58. Rf8 Kd5 59. Ra8 Be5
60. Rxa6 Re4 61. Nc3+ Bxc3 62. Kxc3 Re3+ 63. Kd2 Rxg3 64. Rb6 Kc4 65. Rxd6 Kxb4
66. a6 h5 67. Rh6 Ra3 68. Kc2 Kc4 69. Rc6+ Kd5 70. Rh6 Ke4 71. Kb2 b4 72. Rc6
1/2-1/2

[Event "Amay - Namur "]
[Site "?"]
[Date "2011.02.06"]
[Round "8.5"]
[White "Tan, Matthew"]
[Black "Henris, Luc"]
[Result "1-0"]
[WhiteElo "2368"]
[BlackElo "2227"]
[PlyCount "103"]
[EventDate "2011.??.??"]

1. e4 e5 2. Nf3 d6 3. d4 exd4 4. Nxd4 Nf6 5. Nc3 Be7 6. Bc4 O-O 7. O-O c6 8. a4
Nxe4 9. Nxe4 d5 10. Bd3 dxe4 11. Bxe4 Na6 12. c3 Re8 13. Qf3 Nc5 14. Bc2 Bg5
15. Bxh7+ Kxh7 16. Qh5+ Kg8 17. Qxg5 Qxg5 18. Bxg5 Ne6 19. Rfe1 Bd7 20. Be3
Nxd4 21. Bxd4 Rxe1+ 22. Rxe1 a6 23. a5 Re8 24. Rxe8+ Bxe8 25. f3 f5 26. h4 g6
27. Kf2 Kf7 28. Ke3 Ke6 29. Kf4 Bd7 30. b4 Be8 31. Kg5 Kf7 32. h5 gxh5 33. Kxf5
Ke7 34. Bc5+ Kf7 35. Ke5 Kg6 36. Kd6 Bf7 37. Kc7 Bc4 38. Kxb7 Bb5 39. g3 Kf5
40. Kb6 Ke6 41. Bf2 Kd5 42. g4 hxg4 43. fxg4 Ke4 44. g5 Kf5 45. Be3 Kg6 46. Kc5
Ba4 47. c4 Bb3 48. b5 cxb5 49. cxb5 axb5 50. a6 Bc2 51. a7 Be4 52. Kxb5 1-0

[Event "Namur - Amay  "]
[Site "?"]
[Date "2011.02.06"]
[Round "8.6"]
[White "Denayer, Eric"]
[Black "Schut, Lisa"]
[Result "0-1"]
[WhiteElo "2257"]
[BlackElo "2264"]
[PlyCount "112"]
[EventDate "2011.??.??"]

1. Nf3 Nf6 2. d4 g6 3. c4 Bg7 4. Nc3 d5 5. Qb3 dxc4 6. Qxc4 a6 7. e4 b5 8. Qb3
O-O 9. e5 Nfd7 10. Be2 c5 11. dxc5 Bb7 12. Be3 Nxe5 13. Nxe5 Bxe5 14. O-O Nc6
15. Rad1 Nd4 16. Bxd4 Bxd4 17. a4 e5 18. axb5 axb5 19. Bxb5 Rc8 20. c6 Bxc6 21.
Bxc6 Rxc6 22. Ne2 Rd6 23. Nxd4 exd4 24. Qd3 Qb6 25. Rd2 Re8 26. g3 Re5 27. Rfd1
Rb5 28. Qe4 Rbd5 29. Qd3 h5 30. h4 Rf5 31. Re1 Kg7 32. Re4 Rfd5 33. Re1 Rb5 34.
Qc2 Rb3 35. Re8 Rxg3+ 36. Kh2 Rg4 37. Re4 Rxe4 38. Qxe4 d3 39. Qe5+ Kh7 40. Qf4
Rf6 41. Qg3 Qd4 42. Kg1 Rd6 43. Kg2 Rd7 44. f4 Rb7 45. Qf2 Qf6 46. Kg3 Qf5 47.
Qf3 Rb3 48. Kh2 Rb4 49. Kg3 Rd4 50. b4 Rxb4 51. Rxd3 Rxf4 52. Qxf4 Qxd3+ 53.
Kh2 Qf5 54. Qd4 Qe6 55. Qc3 Qe2+ 56. Kh1 Qe4+ 0-1

[Event "Amay - Namur "]
[Site "?"]
[Date "2011.02.06"]
[Round "8.7"]
[White "Memeti, Kastriot"]
[Black "Bolzoni, Victor Angel"]
[Result "0-1"]
[WhiteElo "2185"]
[BlackElo "2234"]
[PlyCount "54"]
[EventDate "2011.??.??"]

1. d4 Nf6 2. Nf3 c5 3. c3 e6 4. Bf4 Nc6 5. e3 b6 6. Bd3 cxd4 7. exd4 Bb7 8.
Nbd2 Be7 9. h3 d6 10. Qe2 O-O 11. Ne4 e5 12. dxe5 Nxe5 13. Nxe5 dxe5 14. Bxe5
Nxe4 15. Bxe4 Bxe4 16. Qxe4 Re8 17. O-O Qd2 18. Rad1 Qxb2 19. Rd7 Bf6 20. Rfd1
Qxa2 21. c4 Qa5 22. R1d5 Qa4 23. Qf3 Bxe5 24. Qxf7+ Kh8 25. f4 Bf6 26. Rh5 Qc2
27. Kh2 Qe4 0-1

[Event "Namur - Amay  "]
[Site "?"]
[Date "2011.02.06"]
[Round "8.8"]
[White "Lanneau, Bertrand"]
[Black "Schut, Han"]
[Result "1/2-1/2"]
[WhiteElo "2196"]
[BlackElo "2135"]
[PlyCount "36"]
[EventDate "2011.??.??"]

1. e4 c5 2. Nf3 d6 3. d4 cxd4 4. Nxd4 Nf6 5. Nc3 a6 6. Bg5 e6 7. f4 Be7 8. Qf3
h6 9. Bh4 g5 10. fxg5 Nfd7 11. O-O-O Ne5 12. Qf2 hxg5 13. Bg3 Nbd7 14. Be2 b5
15. a3 Qb6 16. Nf3 Qxf2 17. Bxf2 Bb7 18. h3 Rc8 1/2-1/2

[Event "Eynatten2 - Borgerhout"]
[Site "?"]
[Date "2011.02.06"]
[Round "8.1"]
[White "Horvath, Csaba"]
[Black "Xemmers, Xander"]
[Result "1-0"]
[WhiteElo "2570"]
[BlackElo "2475"]
[PlyCount "79"]
[EventDate "2010.10.07"]
[SourceDate "2011.02.06"]

1. d4 Nf6 2. c4 e6 3. Nf3 c5 4. d5 b5 5. dxe6 fxe6 6. cxb5 Bb7 7. Bf4 Be7 8. e3
O-O 9. Nc3 d6 10. Bg3 Nh5 11. Bd3 Nd7 12. Ng5 Nxg3 13. Bxh7+ Kh8 14. hxg3 Bxg5
15. Be4+ Kg8 16. Bxb7 Rb8 17. Be4 Nf6 18. Qc2 Bh6 19. Bc6 Ng4 20. Qg6 Qf6 21.
Qxg4 Qxf2+ 22. Kd1 Qxe3 23. Qe2 Qd4+ 24. Ke1 Be3 25. Bf3 Rf5 26. Rh4 Qe5 27.
Re4 Qxg3+ 28. Kd1 Bh6 29. Rxe6 Rbf8 30. Kc2 Qg5 31. Rd1 c4 32. Ne4 Qf4 33. Nxd6
Rc5 34. Re4 Qg5 35. Rxc4 Re5 36. Re4 Rc5+ 37. Rc4 Re5 38. Qd3 g6 39. Rg4 Rc5+
40. Kb3 1-0

[Event "Eynatten2 - Borgerhout"]
[Site "?"]
[Date "2011.02.06"]
[Round "8.3"]
[White "Braun, Christian"]
[Black "Vedder, Henk"]
[Result "1-0"]
[WhiteElo "2408"]
[BlackElo "2422"]
[PlyCount "155"]
[EventDate "2010.10.07"]
[SourceDate "2011.02.06"]

1. e4 e6 2. d4 d5 3. Nc3 Bb4 4. Nge2 dxe4 5. a3 Be7 6. Nxe4 Bd7 7. N2g3 Bc6 8.
Bf4 Nd7 9. Qd3 Ngf6 10. O-O-O Nxe4 11. Nxe4 Nf6 12. f3 Qd7 13. Nc5 Qc8 14. Be5
O-O 15. Be2 Nd7 16. Nxd7 Qxd7 17. h4 Bd6 18. Qe3 Qe7 19. h5 Bxe5 20. dxe5 Rfd8
21. h6 g6 22. Qf4 Rxd1+ 23. Rxd1 Rd8 24. Rxd8+ Qxd8 25. Bd3 b6 26. Kd2 Kf8 27.
Ke3 Ke8 28. g3 Qe7 29. b4 Kd7 30. Qd4+ Kc8 31. Qh4 Kd7 32. Kf4 a5 33. c3 axb4
34. Qxe7+ Kxe7 35. cxb4 Ba4 36. Kg5 Bb3 37. b5 Bd5 38. f4 c5 39. bxc6 Bxc6 40.
g4 Bd7 41. Bc2 Bc8 42. a4 Bd7 43. f5 exf5 44. gxf5 gxf5 45. Bxf5 Bxa4 46. Bxh7
Kf8 47. Kf6 Bd7 48. Bg6 Kg8 49. Bxf7+ Kh7 50. Kg5 b5 51. Bg6+ Kh8 52. Bf5 Be8
53. e6 b4 54. Bc2 Bb5 55. e7 Bc6 56. Kf6 Bb5 57. Ke5 Be8 58. Kf6 Kg8 59. Bg6
Bb5 60. Ke5 b3 61. Kd4 b2 62. Kc3 Be8 63. Bb1 Kf7 64. Kxb2 Kg8 65. Kc3 Kh8 66.
Kd4 Kg8 67. Ke5 Kf7 68. Kf5 Ba4 69. Kg5 Kg8 70. Kf6 Bb5 71. h7+ Kh8 72. Kf7 Bd7
73. Kf8 Bb5 74. Bg6 Bc6 75. Be8 Be4 76. Bd7 Bg6 77. Be6 Bf5 78. e8=Q 1-0

[Event "Borgerhout - Eynatten2 "]
[Site "?"]
[Date "2011.02.06"]
[Round "8.6"]
[White "Vedder, Richard"]
[Black "Coenen, Norbert"]
[Result "1-0"]
[WhiteElo "2292"]
[BlackElo "2353"]
[PlyCount "71"]
[EventDate "2010.10.07"]
[SourceDate "2011.02.06"]

1. e4 c5 2. Nf3 e6 3. d4 cxd4 4. Nxd4 Nf6 5. Nc3 d6 6. Be2 Be7 7. O-O Nc6 8.
Be3 Bd7 9. f4 Nxd4 10. Bxd4 Bc6 11. Bd3 O-O 12. Qe1 Qd7 13. Rd1 b5 14. Qg3 Qb7
15. Rde1 b4 16. Bxf6 Bxf6 17. e5 Bxe5 18. fxe5 bxc3 19. bxc3 dxe5 20. Rxe5 g6
21. h4 Qc7 22. Qg5 Qd8 23. Rf6 Kh8 24. h5 Rb8 25. Kh2 Qc7 26. Rf4 f6 27. Rxf6
Rxf6 28. Qxf6+ Qg7 29. Qxg7+ Kxg7 30. Rxe6 Bd5 31. Re7+ Kh6 32. hxg6 hxg6 33.
Rxa7 Rc8 34. Ra6 Bf7 35. c4 Kh5 36. Kh3 1-0

[Event "Eynatten2  - Borgerhout "]
[Site "?"]
[Date "2011.02.06"]
[Round "8.7"]
[White "Litwak, Aleksej"]
[Black "Baert, Andy"]
[Result "1/2-1/2"]
[WhiteElo "2300"]
[BlackElo "2249"]
[PlyCount "115"]
[EventDate "2010.10.07"]
[SourceDate "2011.02.06"]

1. e4 c5 2. Nf3 d6 3. d4 cxd4 4. Nxd4 Nf6 5. Nc3 a6 6. Be2 e5 7. Nb3 Be7 8. O-O
O-O 9. Kh1 Be6 10. f4 Qc7 11. f5 Bc4 12. g4 d5 13. g5 Nxe4 14. Nxe4 dxe4 15. f6
Bb4 16. Bxc4 Qxc4 17. fxg7 Kxg7 18. Be3 Nc6 19. Rf6 Ne7 20. Qh5 Ng6 21. c3 Be7
22. Rf2 Rad8 23. Nd2 Qc6 24. Nf1 Rd3 25. Ng3 Kh8 26. Nf5 Bc5 27. Qh6 Rg8 28.
Re1 Qb6 29. Rfe2 Bxe3 30. Nxe3 Qe6 31. Rf2 Nf4 32. Qxe6 fxe6 33. h4 h6 34. gxh6
Rg3 35. Nf1 e3 36. Rc2 Rh3+ 37. Kg1 Kh7 38. Rh2 Rxh2 39. Nxh2 e2 40. Kf2 Rd2
41. Ng4 Rxb2 42. Nf6+ Kxh6 43. Kf3 Kg6 44. Ng4 Kf5 45. Ne3+ Kg6 46. Nc4 Kf5 47.
Ne3+ Kf6 48. Ng4+ Kg7 49. Nxe5 Nd5 50. Rxe2 Rxe2 51. Kxe2 Nxc3+ 52. Kd2 Nd5 53.
Nd7 b6 54. Kd3 Kg6 55. Kd4 Kf5 56. h5 Nb4 57. Nxb6 Nxa2 58. h6 1/2-1/2

[Event "Rochade - Fontaine"]
[Site "?"]
[Date "2011.02.06"]
[Round "8.1"]
[White "Berelowitsch, Alexander"]
[Black "Cekro, Ekrem"]
[Result "1-0"]
[WhiteElo "2574"]
[BlackElo "2382"]
[PlyCount "61"]
[EventDate "2011.02.06"]
[SourceDate "2011.01.24"]

1. e4 g6 2. d4 Bg7 3. Nc3 c6 4. f4 d5 5. e5 h5 6. Nf3 Nh6 7. Be3 Bg4 8. h3 Nf5
9. Bf2 Bxf3 10. Qxf3 Qb6 11. O-O-O h4 12. Bd3 Nd7 13. Qe2 e6 14. Qe1 Qd8 15.
Ne2 Bf8 16. Kb1 Be7 17. Ng1 Rh5 18. Nf3 Qc7 19. Bxf5 Rxf5 20. Bxh4 Rxf4 21.
Bxe7 Kxe7 22. Qe3 Re4 23. Qg5+ Ke8 24. Qh6 Nf8 25. Rhf1 Re2 26. Ng5 f5 27. exf6
Rd8 28. Qg7 Rd7 29. f7+ Ke7 30. Qf6+ Kd6 31. Qf3 1-0

[Event "Fontaine - Rochade "]
[Site "?"]
[Date "2011.02.06"]
[Round "8.2"]
[White "Wantiez, Fabrice"]
[Black "Saltaev, Mihail"]
[Result "1/2-1/2"]
[WhiteElo "2347"]
[BlackElo "2495"]
[PlyCount "74"]
[EventDate "2011.02.06"]
[SourceDate "2011.01.24"]

1. e4 c6 2. Nc3 d5 3. Nf3 Bg4 4. h3 Bxf3 5. Qxf3 e6 6. a3 Nd7 7. d3 g6 8. g4
Bg7 9. Bg2 Ne7 10. O-O O-O 11. Qg3 Qb6 12. Bg5 Be5 13. Bf4 f6 14. Bxe5 fxe5 15.
b4 Rf7 16. Na4 Qc7 17. d4 Raf8 18. Rae1 Rf4 19. dxe5 g5 20. Nc3 Nxe5 21. Ne2
N7g6 22. Nd4 Qf7 23. exd5 cxd5 24. c3 Qf6 25. Qe3 Kh8 26. Re2 Re8 27. Rfe1 Re7
28. Qg3 a6 29. a4 Re8 30. a5 Re7 31. Re3 Rf7 32. R1e2 Rf8 33. Nb3 Re8 34. Nd4
Re7 35. Re1 Re8 36. R1e2 Re7 37. Re1 Re8 1/2-1/2

[Event "Rochade - Fontaine"]
[Site "?"]
[Date "2011.02.06"]
[Round "8.3"]
[White "Fiebig, Thomas"]
[Black "Marechal, Andy"]
[Result "1/2-1/2"]
[WhiteElo "2443"]
[BlackElo "2328"]
[PlyCount "46"]
[EventDate "2011.02.06"]
[SourceDate "2011.01.24"]

1. e4 e6 2. d4 d5 3. Nc3 Nf6 4. Bg5 dxe4 5. Nxe4 Be7 6. Bxf6 gxf6 7. Nf3 b6 8.
Bb5+ c6 9. Bc4 Bb7 10. Qe2 Qc7 11. O-O-O Nd7 12. Rhe1 O-O-O 13. Ba6 Bxa6 14.
Qxa6+ Kb8 15. g3 Rhg8 16. Kb1 f5 17. Ned2 h5 18. Qe2 h4 19. Nc4 hxg3 20. hxg3
Bf6 21. Nce5 Nxe5 22. dxe5 Be7 23. c3 Rxd1+ 1/2-1/2

[Event "Fontaine - Rochade "]
[Site "?"]
[Date "2011.02.06"]
[Round "8.4"]
[White "Claesen, Pieter"]
[Black "Lazarev, Vladimir"]
[Result "1/2-1/2"]
[WhiteElo "2371"]
[BlackElo "2445"]
[PlyCount "66"]
[EventDate "2011.02.06"]
[SourceDate "2011.01.24"]

1. d4 Nf6 2. Nf3 d5 3. Bf4 c5 4. e3 Nc6 5. c3 Qb6 6. Qb3 c4 7. Qc2 Bf5 8. Qc1
e6 9. Nh4 Bg6 10. Nxg6 hxg6 11. h3 Qd8 12. Nd2 Bd6 13. Bxd6 Qxd6 14. b3 cxb3
15. axb3 e5 16. Qa3 Qxa3 17. Rxa3 exd4 18. exd4 O-O 19. Bd3 Rfc8 20. Kd1 a5 21.
Nf3 b5 22. Ne5 Nxe5 23. dxe5 Ne4 24. Bxe4 dxe4 25. Kd2 Rc5 26. Rha1 Rd8+ 27.
Ke3 Rd3+ 28. Kxe4 Rdxc3 29. Kd4 a4 30. bxa4 R3c4+ 31. Kd3 Rd5+ 32. Ke2 Rxe5+
33. Kf1 bxa4 1/2-1/2

[Event "Rochade - Fontaine"]
[Site "?"]
[Date "2011.02.06"]
[Round "8.5"]
[White "Meessen, Rudolf"]
[Black "Le Quang, Kim"]
[Result "1/2-1/2"]
[WhiteElo "2309"]
[BlackElo "2318"]
[PlyCount "43"]
[EventDate "2011.02.06"]
[SourceDate "2011.01.24"]

1. d4 Nf6 2. Nf3 g6 3. Bf4 Bg7 4. e3 d6 5. Be2 Nh5 6. Bg5 h6 7. Bh4 g5 8. Nfd2
gxh4 9. Bxh5 c5 10. c3 Nc6 11. O-O O-O 12. dxc5 dxc5 13. h3 Qc7 14. Qa4 Bf5 15.
Qxh4 Bd3 16. Rc1 Rad8 17. a4 a6 18. Na3 b5 19. axb5 axb5 20. Bf3 Ne5 21. Be4
Be2 22. Nf3 1/2-1/2

[Event "Fontaine - Rochade "]
[Site "?"]
[Date "2011.02.06"]
[Round "8.6"]
[White "Wantola, Ivo"]
[Black "Coenen, Michael"]
[Result "1/2-1/2"]
[WhiteElo "2293"]
[BlackElo "2334"]
[PlyCount "79"]
[EventDate "2011.02.06"]
[SourceDate "2011.01.24"]

1. Nf3 Nf6 2. c4 g6 3. Nc3 d5 4. cxd5 Nxd5 5. Qa4+ Nc6 6. Ne5 Nxc3 7. dxc3 Bd7
8. Nxd7 Qxd7 9. g3 Ne5 10. Qxd7+ Nxd7 11. h4 O-O-O 12. h5 Rg8 13. hxg6 hxg6 14.
Bh3 Kb8 15. Bg5 Nc5 16. Rd1 Rxd1+ 17. Kxd1 Ne4 18. Be3 Bh6 19. Bg2 Bxe3 20.
Bxe4 Bxf2 21. Rf1 Bxg3 22. Rxf7 g5 23. Rxe7 g4 24. Re6 Rd8+ 25. Kc2 Bf4 26. e3
Bd6 27. Rg6 g3 28. b4 b5 29. Kb3 a6 30. a4 bxa4+ 31. Kxa4 Ka7 32. c4 Rh8 33.
Re6 Rh4 34. Kb3 Rh5 35. c5 Re5 36. Rxe5 Bxe5 37. Kc4 Bb2 38. Bg2 Kb8 39. Bh3 c6
40. Bg2 1/2-1/2

[Event "Rochade - Fontaine"]
[Site "?"]
[Date "2011.02.06"]
[Round "8.7"]
[White "Brühl, Andreas"]
[Black "Mastalerz, Xavier"]
[Result "1-0"]
[WhiteElo "2323"]
[BlackElo "2125"]
[PlyCount "71"]
[EventDate "2011.02.06"]
[SourceDate "2011.01.24"]

1. d4 e6 2. c4 Nf6 3. Nf3 b6 4. g3 Bb7 5. Bg2 Be7 6. O-O O-O 7. Re1 d5 8. Ne5
Nfd7 9. Nd3 c6 10. b3 Bf6 11. Bb2 Qc7 12. Nd2 dxc4 13. bxc4 c5 14. d5 Bxb2 15.
Nxb2 Nf6 16. e4 e5 17. Nd3 Nbd7 18. f4 Rfe8 19. Kh1 Rad8 20. Nf3 exf4 21. e5
Nxd5 22. cxd5 Bxd5 23. gxf4 Bc4 24. Qc2 Bxd3 25. Qxd3 Nxe5 26. Qe2 Ng6 27.
Qxe8+ Rxe8 28. Rxe8+ Nf8 29. Rd1 Qxf4 30. Rdd8 g6 31. Rxf8+ Kg7 32. Ng1 c4 33.
Bd5 Qg4 34. Rxf7+ Kh6 35. Rdd7 Qd1 36. h4 1-0

[Event "Fontaine - Rochade "]
[Site "?"]
[Date "2011.02.06"]
[Round "8.8"]
[White "Russo, Julien"]
[Black "Ahn, Martin"]
[Result "0-1"]
[WhiteElo "2091"]
[BlackElo "2292"]
[PlyCount "38"]
[EventDate "2011.02.06"]
[SourceDate "2011.01.24"]

1. e4 c5 2. Nf3 g6 3. c3 Bg7 4. d4 cxd4 5. cxd4 d6 6. Nc3 Nc6 7. Bb5 a6 8. Ba4
b5 9. Bb3 Nf6 10. O-O Bg4 11. Be3 e5 12. d5 Nd4 13. Bxd4 exd4 14. Ne2 Bxf3 15.
gxf3 Nh5 16. f4 Qh4 17. Qd2 Qg4+ 18. Kh1 Qf3+ 19. Kg1 d3 0-1

[Event "Eynatten 2 - Rochade "]
[Site "Eupen"]
[Date "2011.02.27"]
[Round "9.2"]
[White "Boros, Denes"]
[Black "Rausis, Igor"]
[Result "1/2-1/2"]
[WhiteElo "2549"]
[BlackElo "2466"]
[PlyCount "37"]
[EventDate "2011.??.??"]

1. e4 c6 2. c4 d5 3. cxd5 cxd5 4. exd5 Nf6 5. Nc3 Nxd5 6. Nf3 Nxc3 7. bxc3 g6
8. Bb5+ Nd7 9. O-O Bg7 10. Re1 O-O 11. Ba3 Re8 12. Ng5 h6 13. Ne4 a6 14. Ba4 b5
15. Bb3 Ne5 16. Qe2 Bg4 17. f3 Bf5 18. d4 Nc4 19. Bc5 1/2-1/2

[Event "Rochade - Eynatten 2"]
[Site "Eupen"]
[Date "2011.02.27"]
[Round "9.3"]
[White "Lazarev, Vladimir"]
[Black "Goloshchapow, Alexander"]
[Result "0-1"]
[WhiteElo "2447"]
[BlackElo "2544"]
[PlyCount "146"]
[EventDate "2011.??.??"]

1. d4 d5 2. c4 e6 3. Nc3 Be7 4. cxd5 exd5 5. Bf4 c6 6. Qc2 g6 7. e3 Bf5 8. Qd2
Nd7 9. f3 Ngf6 10. Bd3 Bxd3 11. Qxd3 Nh5 12. Nge2 Nxf4 13. Nxf4 O-O 14. O-O Bg5
15. Nh3 Bh6 16. Rad1 Qe7 17. Rfe1 Rfe8 18. Kh1 Nf6 19. Re2 c5 20. dxc5 Qxc5 21.
Nf4 Bxf4 22. exf4 Qb4 23. Qd4 Qxd4 24. Rxd4 Rxe2 25. Nxe2 Rc8 26. Rd2 Kf8 27.
Kg1 Ke7 28. Kf2 Kd6 29. Ke3 Ng8 30. Nc3 Ne7 31. g4 h6 32. Rd4 a6 33. Kd3 Ke6
34. Ke3 h5 35. h3 hxg4 36. hxg4 Rh8 37. Rd2 Rh1 38. a3 Re1+ 39. Kf2 Rh1 40. Ke3
Rh3 41. Na4 Kd6 42. Nc3 Kc5 43. Na4+ Kd6 44. Nc3 f5 45. g5 b5 46. b4 Rh1 47.
Rd3 Ra1 48. Ne2 Nc8 49. Nc3 Nb6 50. Kf2 Kc6 51. Ne2 Nc4 52. Nd4+ Kd6 53. Ke2
Ra2+ 54. Ke1 Nxa3 55. Re3 Nc2+ 56. Nxc2 Rxc2 57. Re8 Rc4 58. Rg8 Rxf4 59. Rxg6+
Ke5 60. Ke2 Rxb4 61. Rxa6 Rb2+ 62. Kd3 Rb3+ 63. Ke2 Kf4 64. g6 Re3+ 65. Kd2
Rxf3 66. Rb6 Rg3 67. Rxb5 Rxg6 68. Rxd5 Re6 69. Rd3 Kg4 70. Re3 Rxe3 71. Kxe3
Kg3 72. Ke2 f4 73. Kf1 Kf3 0-1

[Event "Rochade - Eynatten 2"]
[Site "Eupen"]
[Date "2011.02.27"]
[Round "9.5"]
[White "Bruehl, Andreas"]
[Black "Braun, Christian"]
[Result "1-0"]
[WhiteElo "2350"]
[BlackElo "2408"]
[PlyCount "101"]
[EventDate "2011.??.??"]

1. d4 g6 2. e4 Bg7 3. Nf3 d6 4. Nc3 c6 5. Be2 Nd7 6. O-O b5 7. a3 a6 8. Bg5 Qc7
9. Qd2 Ngf6 10. Bh6 O-O 11. Rfe1 e5 12. Bf1 Re8 13. Rad1 Bb7 14. Bxg7 Kxg7 15.
Nh4 Rad8 16. dxe5 dxe5 17. Qg5 Kh8 18. Re3 Ng8 19. Red3 Re7 20. g3 Rde8 21. Bh3
Nc5 22. Rd6 Bc8 23. Bxc8 Rxc8 24. Nf3 Kg7 25. Nxe5 f6 26. Qe3 Rxe5 27. b4 Qb6
28. f4 Rh5 29. g4 Rh3 30. bxc5 Rxe3 31. cxb6 Ne7 32. Rd8 Re1+ 33. Kf2 Rxd1 34.
Rxc8 Rd7 35. Ra8 Kf7 36. Ra7 Rd8 37. Rxa6 Rb8 38. a4 bxa4 39. Nxa4 Nc8 40. c4
c5 41. Ra5 Nxb6 42. Rb5 Nd7 43. Rxb8 Nxb8 44. Nxc5 Nc6 45. Ke3 Ke7 46. Nb3 g5
47. fxg5 Ne5 48. c5 Nxg4+ 49. Kf4 Nxh2 50. Nd2 fxg5+ 51. Kg3 1-0

[Event "Eynatten 2 - Rochade "]
[Site "Eupen"]
[Date "2011.02.27"]
[Round "9.6"]
[White "Zelbel, Patrick"]
[Black "Ahn, Martin"]
[Result "1-0"]
[WhiteElo "2365"]
[BlackElo "2345"]
[PlyCount "113"]
[EventDate "2011.??.??"]

1. e4 c5 2. c3 d5 3. exd5 Qxd5 4. Nf3 e5 5. Na3 Nc6 6. Bc4 Qe4+ 7. Be2 Qg6 8.
d3 Bd6 9. Ng5 Nf6 10. Bf3 Bd7 11. Ne4 Be7 12. Ng3 Rd8 13. Qe2 O-O 14. O-O Rfe8
15. Rd1 Bf8 16. h3 Bd6 17. Be4 Nxe4 18. dxe4 a6 19. Nc4 Bc7 20. a4 b5 21. axb5
axb5 22. Na3 Na7 23. Be3 Bb6 24. Kh2 Qc6 25. c4 b4 26. Nc2 Qc8 27. Nxb4 Nc6 28.
Nd5 Qb7 29. Ra3 Be6 30. Rb3 Bxd5 31. cxd5 Na5 32. Rc3 c4 33. Nf5 g6 34. Bh6 f6
35. Ng7 Re7 36. Ne6 Rb8 37. h4 Kh8 38. Bc1 Qa7 39. Rf3 Rf7 40. h5 gxh5 41. Rf5
Bd4 42. Qxh5 Bxb2 43. Bg5 Qe7 44. Qf3 Rb3 45. Qh5 Rb8 46. Re1 Rg8 47. Re3 Bc1
48. Ref3 Bxg5 49. Rxg5 Rxg5 50. Nxg5 Rg7 51. d6 Qd7 52. Rxf6 Kg8 53. Ne6 Rf7
54. Qg5+ Kh8 55. Rxf7 Qxf7 56. Qd8+ Qg8 57. Qf6+ 1-0

[Event "Rochade - Eynatten 2"]
[Site "Eupen"]
[Date "2011.02.27"]
[Round "9.7"]
[White "Begnis, Nikolaos"]
[Black "Coenen, Norbert"]
[Result "1/2-1/2"]
[WhiteElo "2293"]
[BlackElo "2353"]
[PlyCount "44"]
[EventDate "2011.??.??"]

1. e4 c5 2. Nf3 Nc6 3. d4 cxd4 4. Nxd4 g6 5. c4 Nf6 6. Nc3 d6 7. Be2 Nxd4 8.
Qxd4 Bg7 9. Be3 O-O 10. Qd2 a5 11. Rc1 a4 12. f3 Qa5 13. Rc2 Be6 14. Nd5 Qxd2+
15. Kxd2 Nxd5 16. cxd5 Bc8 17. Rb1 Bf6 18. Bb5 Ra5 19. Bd3 Ra8 20. Rc4 e6 21.
Rb4 exd5 22. exd5 Bd8 1/2-1/2